Key indicators of developing Asian and Pacific Countries 1999.
| Format: | Book |
|---|---|
| Published: |
Manila:
Asian Development Bank,
1998.
|
| Subjects: |
| LEADER | 00455cam a2200145 7i4500 | ||
|---|---|---|---|
| 001 | 0000007464 | ||
| 005 | 20000322090000.0 | ||
| 020 | 0 | 0 | |a 0195920821 |
| 090 | 0 | 0 | |a STAT 310.9 |b KEY (AS.P) |
| 245 | 0 | 0 | |a Key indicators of developing Asian and Pacific Countries 1999. |
| 260 | 0 | 0 | |a Manila: |b Asian Development Bank, |c 1998. |
| 300 | # | # | |a 425 p. |
| 650 | 0 | 0 | |a Statistics -- |z Asia Pacific |
| 651 | 0 | 0 | |a Asia Pacific |
| 999 | |a 0000011180 |b Book |c Countries |e Business Information Centre | ||


